000 00824nam a2200205Ia 4500
999 _c39492
_d39492
001 6088
003 GE_BSU
005 20190919162407.0
008 181216s1955||||ge |||||||||||||| ||geo||
040 _cGE_BSU
041 _ageo
080 _a821.353.1-32 ა-87
100 _aასათიანი, მამია
_94148
245 _aმოთხრობები /
_cმამია ასათიანი ; რედ. კონსტანტინე ლორთქიფანიძე.
264 _aთბილისი :
_bსაბჭოთა მწერალი ;
_c1955.
300 _a208 გვ. ;
_c21 სმ.
653 _aმოთხრობები
700 _aლორთქიფანიძე, კონსტანტინე
_eრედაქტორი
_94149
942 _cBK
_2udc